[Event "64. Offene Kölner Stadtmeisterschaft"]
[Site "Köln"]
[Date "2024.05.08"]
[Round "1.1"]
[White "Poetsch, Hagen"]
[Black "Cheng, Noah"]
[Result "1-0"]
[WhiteElo "2459"]
[BlackElo "1736"]
[PlyCount "49"]
[WhiteTeam "SC Heusenstamm"]
[BlackTeam "Schachverein Erftstadt e. V."]

1. e4 e6 2. d4 d5 3. Nc3 Bb4 4. Nge2 Nf6 5. e5 Nfd7 6. Be3 c5 7. a3 Bxc3+ 8.
Nxc3 O-O 9. f4 cxd4 10. Qxd4 Nc6 11. Qd2 f6 12. exf6 Nxf6 13. O-O-O Ng4 14. Bc5
Rf7 15. Be2 Nf6 16. g4 b6 17. Bf2 Bb7 18. g5 Ne8 19. Bg4 Nc7 20. Rhe1 Qd7 21.
Ne4 Qe7 22. g6 hxg6 23. Ng5 Rf6 24. Qe3 e5 25. Qh3 1-0

[Event "64. Offene Kölner Stadtmeisterschaft"]
[Site "Köln"]
[Date "2024.05.08"]
[Round "1.2"]
[White "Ferrer Ortega, Jesus Guillermo"]
[Black "Coenen, Michael"]
[Result "0-1"]
[WhiteElo "1736"]
[BlackElo "2368"]
[PlyCount "114"]
[WhiteTeam "SG Solingen e. V"]
[BlackTeam "SV Dormagen 1947"]

1. c4 g6 2. g3 Bg7 3. Bg2 e5 4. Nc3 Ne7 5. e4 d6 6. Nge2 h5 7. h3 h4 8. g4 g5
9. d3 Ng6 10. Bd2 Nc6 11. a3 Be6 12. Qa4 Nf4 13. Nxf4 gxf4 14. Ne2 Qd7 15. Bf3
O-O 16. Qc2 a6 17. Rc1 Bh6 18. O-O f6 19. Rfd1 Kh7 20. Kh2 a5 21. b3 Rfb8 22.
Bc3 a4 23. b4 Nd8 24. Bb2 Nf7 25. Nc3 Ng5 26. Qe2 c6 27. Nb1 b5 28. Nd2 c5 29.
Bc3 Bf8 30. Bg2 Be7 31. Nf3 Nxf3+ 32. Bxf3 Bd8 33. Be1 Bb6 34. Bg2 Kg6 35. Bf1
Kg5 36. Rc2 Ra7 37. Rb1 cxb4 38. Bxb4 bxc4 39. dxc4 Bd4 40. Rd2 Rc7 41. Rc2 Qc6
42. Rbc1 Rbc8 43. Qd3 Qb6 44. Qd2 Rc6 45. Bd3 Qc7 46. Qe2 Qa7 47. Qd2 Rb8 48.
Rb1 Qf7 49. Qe2 Qc7 50. Rbc1 Qb7 51. Rb1 Rb6 52. Qd2 Bf7 53. Rbc1 Bc5 54. Bxc5
dxc5 55. Qa5 Qc6 56. Qa7 Bg6 57. Rd2 Ra8 0-1

[Event "64. Offene Kölner Stadtmeisterschaft"]
[Site "Köln"]
[Date "2024.05.08"]
[Round "1.3"]
[White "Stillger, Bernhard"]
[Black "Rabiya, Karim"]
[Result "1-0"]
[WhiteElo "2262"]
[BlackElo "1734"]
[PlyCount "99"]
[WhiteTeam "SV Mülheim-Nord 1931 e"]
[BlackTeam "SK Niederbrechen 1948"]

1. d4 Nf6 2. c4 e6 3. Nf3 b6 4. g3 Bb4+ 5. Bd2 Be7 6. Bg2 c6 7. O-O d5 8. Qc2
Nbd7 9. Bf4 O-O 10. Rd1 Ba6 11. Ne5 Rc8 12. cxd5 Nxe5 13. d6 Ng6 14. dxe7 Qxe7
15. Bg5 h6 16. Bxf6 Qxf6 17. Nc3 Bb7 18. Qa4 a5 19. Qb3 Qd8 20. Na4 Ba6 21. e3
Bb5 22. Rac1 Bxa4 23. Qxa4 b5 24. Qa3 Qb6 25. Rc5 Rfd8 26. Rdc1 Ne7 27. Qc3 Nd5
28. Bxd5 Rxd5 29. Rxc6 Rxc6 30. Qxc6 Qxc6 31. Rxc6 Kf8 32. b3 e5 33. dxe5 Rxe5
34. Ra6 b4 35. Ra7 g5 36. g4 f5 37. gxf5 Rxf5 38. h3 Kg8 39. Kg2 h5 40. e4 Rc5
41. Kg3 Rc3+ 42. f3 Rc5 43. h4 Kh8 44. hxg5 Rxg5+ 45. Kh4 Re5 46. Rf7 Kg8 47.
Rf5 Rxf5 48. exf5 Kf7 49. Kxh5 Kf6 50. Kg4 1-0

[Event "64. Offene Kölner Stadtmeisterschaft"]
[Site "Köln"]
[Date "2024.05.08"]
[Round "1.4"]
[White "Freiknecht, Axel"]
[Black "Wiekert, Martin"]
[Result "0-1"]
[WhiteElo "1684"]
[BlackElo "2240"]
[PlyCount "36"]
[WhiteTeam "Bahn-SC Wuppertal"]
[BlackTeam "Kölner SK Dr. Lasker 186"]

1. Nf3 d5 2. c4 e6 3. b3 Nf6 4. Bb2 Be7 5. g3 O-O 6. Bg2 c5 7. e3 Nc6 8. O-O d4
9. exd4 cxd4 10. d3 a5 11. a3 e5 12. Re1 Nd7 13. Nbd2 Re8 14. Qc2 Bf8 15. Re2
Nc5 16. Rae1 f6 17. h3 Bf5 18. Nh4 Bxd3 0-1

[Event "64. Offene Kölner Stadtmeisterschaft"]
[Site "Köln"]
[Date "2024.05.08"]
[Round "1.5"]
[White "Helmer, Jan"]
[Black "Deutsch, Matthias Georg"]
[Result "1-0"]
[WhiteElo "2236"]
[BlackElo "1680"]
[PlyCount "50"]
[WhiteTeam "Hamelner SV"]
[BlackTeam "SV Grünfeld e. V."]

1. d4 d5 2. c4 c6 3. Nf3 e6 4. Nbd2 Nf6 5. e3 Be7 6. Bd3 dxc4 7. Nxc4 b5 8.
Nce5 Bb7 9. Ng5 O-O 10. Qf3 h6 11. Ne4 Nbd7 12. Nxc6 Bxc6 13. Nxf6+ Nxf6 14.
Qxc6 Bb4+ 15. Ke2 a6 16. a3 Qa5 17. Rb1 Be7 18. Bd2 Qd8 19. Rbc1 Qd5 20. Qxd5
Nxd5 21. Rc6 Rfd8 22. Rhc1 a5 23. e4 Nf6 24. f3 g6 25. Bxh6 b4 1-0

[Event "64. Offene Kölner Stadtmeisterschaft"]
[Site "Köln"]
[Date "2024.05.08"]
[Round "1.6"]
[White "Abboud, Rabia"]
[Black "Asadzade, Idris"]
[Result "0-1"]
[WhiteElo "1675"]
[BlackElo "2233"]
[PlyCount "94"]
[WhiteTeam "SV Hennef 1927 e. V."]
[BlackTeam "SG Solingen e. V"]

1. c4 e6 2. g3 d5 3. Nf3 Nf6 4. Bg2 d4 5. O-O c5 6. e3 Nc6 7. exd4 cxd4 8. d3
Bd6 9. Nbd2 O-O 10. Ng5 e5 11. Nde4 Be7 12. Nxf6+ Bxf6 13. Qh5 h6 14. Ne4 Be7
15. f4 f5 16. Ng5 e4 17. dxe4 Qe8 18. Qxe8 Rxe8 19. Nh3 fxe4 20. Nf2 e3 21. Nd3
Bf5 22. Ne5 Nxe5 23. fxe5 Bd3 24. Rf4 Bxc4 25. Rxd4 Bc5 26. Re4 Bd5 27. Bxe3
Bxe4 28. Bxc5 Bxg2 29. Kxg2 Rxe5 30. Bd4 Re4 31. Bc3 Re2+ 32. Kh3 Rd8 33. Rf1
Rd5 34. Rf4 Rh5+ 35. Kg4 Rhxh2 36. Rb4 Re7 37. Ra4 b6 38. a3 Rhe2 39. Kf3 R2e3+
40. Kf2 R3e4 41. Ra6 Kh7 42. a4 Rf7+ 43. Kg2 g5 44. a5 Ra4 45. Kh2 Kg6 46. b3
Ra2+ 47. Kg1 Rd7 0-1

[Event "64. Offene Kölner Stadtmeisterschaft"]
[Site "Köln"]
[Date "2024.05.08"]
[Round "1.7"]
[White "Marcziter, Dmitrii"]
[Black "Hoffmann, Marina"]
[Result "1-0"]
[WhiteElo "2221"]
[BlackElo "1674"]
[PlyCount "65"]
[WhiteTeam "SG Porz e. V."]

1. d4 d5 2. c4 e6 3. Nf3 Nf6 4. Bg5 h6 5. Bh4 Be7 6. Nc3 c5 7. e3 Nc6 8. a3 a5
9. Bd3 O-O 10. O-O Qb6 11. Na4 Qd8 12. dxc5 Bxc5 13. Nxc5 b6 14. Na4 e5 15.
Bxf6 Qxf6 16. cxd5 Ne7 17. d6 Nd5 18. Be4 Bb7 19. Bxd5 Bxd5 20. Qxd5 Rad8 21.
Rfd1 Rfe8 22. e4 Rb8 23. d7 Red8 24. Nxe5 b5 25. Nc5 Rb6 26. b4 Rd6 27. Qxd6
Qxd6 28. Rxd6 a4 29. Nc6 Rxd7 30. Rxd7 g6 31. Rad1 Kg7 32. e5 h5 33. e6 1-0

[Event "64. Offene Kölner Stadtmeisterschaft"]
[Site "Köln"]
[Date "2024.05.08"]
[Round "1.8"]
[White "Kähnert, Marc"]
[Black "Keller, Thomas"]
[Result "0-1"]
[WhiteElo "1674"]
[BlackElo "2218"]
[PlyCount "70"]
[WhiteTeam "SF Moers e. V."]
[BlackTeam "Brühler SK 1920 e. V."]

1. f4 d5 2. d4 Bf5 3. e3 e6 4. Nf3 c5 5. c3 Nc6 6. Bd3 g6 7. b3 Nf6 8. Ne5 Rc8
9. O-O Bd6 10. Bb2 O-O 11. Qc2 Bxd3 12. Qxd3 Ne4 13. Nd2 f5 14. Nxe4 fxe4 15.
Qe2 Qh4 16. Qg4 Qxg4 17. Nxg4 cxd4 18. cxd4 Nb4 19. Ba3 Rc2 20. Rfc1 Rfc8 21.
Ne5 Rxc1+ 22. Bxc1 Nxa2 23. Rxa2 Rxc1+ 24. Kf2 a6 25. h4 Bb4 26. g3 Rc3 27. Rb2
Ba3 28. Re2 Rxb3 29. Rc2 Rb2 30. Rxb2 Bxb2 31. Nd7 Ba3 32. Nb6 h5 33. Ke2 Kf7
34. Kd2 Bb4+ 35. Kd1 Ke7 0-1

[Event "64. Offene Kölner Stadtmeisterschaft"]
[Site "Köln"]
[Date "2024.05.08"]
[Round "1.9"]
[White "Stewart, Neil"]
[Black "Lorch, Alexander"]
[Result "1-0"]
[WhiteElo "2194"]
[BlackElo "1663"]
[PlyCount "41"]
[WhiteTeam "SV 03/25 Koblenz"]
[BlackTeam "SC Eschwege"]

1. e4 c5 2. Nf3 d6 3. d4 cxd4 4. Nxd4 Nf6 5. Bd3 a6 6. O-O e5 7. Nf3 h6 8. c4
Be6 9. Nc3 Be7 10. Qe2 O-O 11. h3 Nbd7 12. Be3 Rc8 13. Rac1 Nc5 14. Bb1 Qc7 15.
b4 Ncd7 16. Bd3 Bxc4 17. Nd5 Bxd3 18. Nxe7+ Kh7 19. Qxd3 Qb8 20. Rxc8 Rxc8 21.
Nxc8 1-0

[Event "64. Offene Kölner Stadtmeisterschaft"]
[Site "Köln"]
[Date "2024.05.08"]
[Round "1.10"]
[White "Behrens, Patrick"]
[Black "Fohler, Claus"]
[Result "1-0"]
[WhiteElo "1633"]
[BlackElo "2189"]
[PlyCount "85"]
[WhiteTeam "SF Köln-Mülheim e. V."]
[BlackTeam "Kölner Schachklub Dr. Lasker 186"]

1. e4 e5 2. Nf3 Nc6 3. Bb5 a6 4. Ba4 Nf6 5. d3 d6 6. c3 Be7 7. O-O Bg4 8. Re1
Qd7 9. Nbd2 h6 10. Nf1 b5 11. Bc2 Nh7 12. a4 Rb8 13. axb5 axb5 14. Ne3 Bh5 15.
Nxe5 dxe5 16. Qxh5 Ng5 17. Qg4 Ne6 18. Bb3 h5 19. Bxe6 Qxe6 20. Qf3 Bd6 21. Ra6
Kd7 22. Nf5 g6 23. Ng7 Qb3 24. Qh3+ Ke7 25. Rxc6 Kf8 26. Nf5 gxf5 27. Qxf5 Ra8
28. Qd7 Kg7 29. Qf5 Kf8 30. Qd7 Kg7 31. Qf5 Kf8 32. Qf6 Rg8 33. Rxd6 cxd6 34.
Qxd6+ Ke8 35. Qxe5+ Kd7 36. Qf5+ Ke8 37. Qe5+ Kd7 38. Qf5+ Ke8 39. Bg5 Rg6 40.
Qe5+ Kd7 41. Qe7+ Kc6 42. Bf4 Rc8 43. Ra1 1-0

[Event "64. Offene Kölner Stadtmeisterschaft"]
[Site "Köln"]
[Date "2024.05.09"]
[Round "2.1"]
[White "Marcziter, Alex"]
[Black "Poetsch, Hagen"]
[Result "1/2-1/2"]
[WhiteElo "1969"]
[BlackElo "2459"]
[PlyCount "67"]
[WhiteTeam "SG Porz e. V."]
[BlackTeam "SC Heusenstamm"]

1. e4 c5 2. Nc3 a6 3. g3 b5 4. Bg2 Bb7 5. f4 b4 6. Nce2 d5 7. e5 e6 8. d3 Nh6
9. Be3 Ng4 10. Bd2 Be7 11. h3 Nh6 12. Be3 Nf5 13. Bf2 Nd7 14. Nf3 d4 15. g4 Ne3
16. Bxe3 dxe3 17. O-O Nb6 18. Ne1 Nd5 19. c4 bxc3 20. bxc3 Rb8 21. Rb1 Qa5 22.
Qb3 O-O 23. c4 Nxf4 24. Rxf4 Bxg2 25. Qxb8 Rxb8 26. Rxb8+ Bf8 27. Nxg2 Qxa2 28.
Rb7 g5 29. Rfxf7 Qxe2 30. Rf1 Bh6 31. Rb8+ Kg7 32. Rb7+ Kg8 33. Rb8+ Kg7 34.
Rb7+ (34. Rfb1 Kg6 35. R1b7 Qf2+ 36. Kh2 Bg7 37. Rg8 Qf7 38. Rxf7) 1/2-1/2

[Event "64. Offene Kölner Stadtmeisterschaft"]
[Site "Köln"]
[Date "2024.05.09"]
[Round "2.2"]
[White "Coenen, Michael"]
[Black "Schleipfenbauer, Bent"]
[Result "1-0"]
[WhiteElo "2368"]
[BlackElo "1970"]
[PlyCount "65"]
[WhiteTeam "SV Dormagen 1947"]
[BlackTeam "ASV Arnhem (NED)"]

1. d4 d5 2. g3 Nf6 3. Bg2 c6 4. Nf3 Bf5 5. O-O e6 6. c4 Bd6 7. Nc3 Nbd7 8. Nh4
Bg6 9. Qb3 Rb8 10. Bg5 O-O 11. Nxg6 dxc4 12. Qxc4 hxg6 13. e4 e5 14. Rad1 Qb6
15. Na4 Qa5 16. Bd2 Qc7 17. dxe5 Nxe5 18. Qc2 b5 19. Nc3 Rfd8 20. h3 Bf8 21. b3
b4 22. Na4 c5 23. Be3 Rxd1 24. Rxd1 Rc8 25. f4 Ned7 26. e5 Ne8 27. Bd5 Nb6 28.
Nxb6 Qxb6 29. f5 Nc7 30. Bc4 gxf5 31. Qxf5 Ne6 32. Rd7 Nd8 33. Rxf7 1-0

[Event "64. Offene Kölner Stadtmeisterschaft"]
[Site "Köln"]
[Date "2024.05.09"]
[Round "2.3"]
[White "Harringer, Manfred"]
[Black "Stillger, Bernhard"]
[Result "0-1"]
[WhiteElo "1963"]
[BlackElo "2262"]
[PlyCount "58"]
[WhiteTeam "Bergische SF 1923 Ber"]
[BlackTeam "SV Mülheim-Nord 1931 e"]

1. e4 c5 2. Nf3 d6 3. Bb5+ Nd7 4. O-O a6 5. Bxd7+ Bxd7 6. c4 Nf6 7. d3 g6 8.
Nc3 Bg7 9. h3 O-O 10. Be3 b5 11. Qc2 Qc7 12. Rad1 Rab8 13. Rfe1 e5 14. Nh2 Be6
15. Nd5 Nxd5 16. cxd5 Bd7 17. d4 c4 18. dxe5 dxe5 19. g4 f5 20. f3 b4 21. Rc1
f4 22. Bf2 Rfc8 23. Red1 Qa5 24. Nf1 Ba4 25. Qd2 c3 26. bxc3 bxc3 27. Qd3 Bxd1
28. Qxd1 Qxa2 29. d6 Qe6 0-1

[Event "64. Offene Kölner Stadtmeisterschaft"]
[Site "Köln"]
[Date "2024.05.09"]
[Round "2.4"]
[White "Wiekert, Martin"]
[Black "Schläbitz, Joel"]
[Result "1-0"]
[WhiteElo "2240"]
[BlackElo "1954"]
[PlyCount "79"]
[WhiteTeam "Kölner SK Dr. Lasker 186"]
[BlackTeam "SF Köln-Longerich 195"]

1. d4 Nf6 2. Nf3 g6 3. Nbd2 d5 4. b3 Bg7 5. Bb2 O-O 6. e3 Bg4 7. h3 Bxf3 8.
Nxf3 Ne4 9. Bd3 c5 10. O-O Nc6 11. c4 cxd4 12. exd4 Nf6 13. Re1 e6 14. Qd2 Qd6
15. c5 Qc7 16. b4 a6 17. a4 Rfd8 18. b5 axb5 19. axb5 Rxa1 20. Rxa1 Ne4 21. Qe1
Nxc5 22. dxc5 Bxb2 23. bxc6 Bxa1 24. Qxa1 Qxc6 25. Qf6 Qe8 26. Ne5 Rc8 27. Bb5
(27. Ng4 Rxc5 28. Nh6+ Kf8 29. Qh8+ Ke7 30. Qxh7) 27... Qf8 28. c6 bxc6 29.
Nxc6 Rc7 30. h4 h5 31. Qf4 Rb7 32. Bd3 Qa3 33. Ne5 Qb4 34. Qc1 Kg7 35. g3 f5 (
35... Qd4 36. Qg5 Rb2 37. Qf4) 36. Kg2 Qd4 37. Qc6 Re7 38. Qd6 Qa7 39. Nc6 Rd7
40. Qe5+ 1-0

[Event "64. Offene Kölner Stadtmeisterschaft"]
[Site "Köln"]
[Date "2024.05.09"]
[Round "2.5"]
[White "Dekker, Jasper"]
[Black "Helmer, Jan"]
[Result "0-1"]
[WhiteElo "1949"]
[BlackElo "2236"]
[PlyCount "68"]
[WhiteTeam "Amsterdam-West / SC Bergen (NED)"]
[BlackTeam "Hamelner SV"]

1. e4 c5 2. c3 Nf6 3. e5 Nd5 4. Nf3 Nc6 5. d4 cxd4 6. cxd4 d6 7. Bc4 dxe5 8.
dxe5 Be6 9. O-O Nc7 10. Bxe6 Nxe6 11. Be3 Qxd1 12. Rxd1 g6 13. Na3 Bg7 14. Rd5
O-O 15. Nb5 Rfd8 16. Rxd8+ Rxd8 17. Nxa7 Nxe5 18. Nxe5 Bxe5 19. Rb1 f5 20. g3
g5 21. b4 Kf7 22. Kg2 f4 23. Bb6 Rd6 24. Bc5 Ra6 25. Re1 Bf6 26. Nc8 Rxa2 27.
Nb6 Nxc5 28. bxc5 Bd4 29. Nd5 Rxf2+ 30. Kh3 Bxc5 31. Re5 e6 32. g4 Rd2 33. Nxf4
Bd6 34. Rb5 gxf4 0-1

[Event "64. Offene Kölner Stadtmeisterschaft"]
[Site "Köln"]
[Date "2024.05.09"]
[Round "2.6"]
[White "Asadzade, Idris"]
[Black "Hotan, Darion"]
[Result "1/2-1/2"]
[WhiteElo "2233"]
[BlackElo "1916"]
[PlyCount "110"]
[WhiteTeam "SG Solingen e. V"]
[BlackTeam "Linköpings ASS (SWE)"]

1. c4 c6 2. g3 d5 3. Nf3 Nf6 4. Bg2 dxc4 5. O-O g6 6. Na3 Bg7 7. Nxc4 O-O 8. d3
Re8 9. Bd2 Be6 10. Rc1 Na6 11. Ng5 Bd5 12. e4 Bxc4 13. dxc4 e5 14. c5 Qe7 15.
Qc2 Nd7 16. b4 Nxb4 17. Qb3 a5 18. a3 Na6 19. Qxb7 Naxc5 20. Qxc6 Nb3 21. Rcd1
Nxd2 22. Rxd2 Qxg5 23. Rxd7 Red8 24. Rfd1 Rac8 25. Qb7 Bf8 26. Bf1 Qf6 27. Rxd8
Rxd8 28. Rxd8 Qxd8 29. Bc4 Qf6 30. a4 Kg7 31. Qd5 Bb4 32. Kg2 Be1 33. f3 h5 34.
h4 Bb4 35. Bb3 Bc3 36. Qc5 Bb4 37. Qc4 Be1 38. Qc7 Bb4 39. Bd5 Be1 40. Qc1 Bb4
41. Qe3 Qe7 42. Qb3 Qf6 43. Kf1 Bd2 44. Ke2 Bb4 45. Bc4 Qd6 46. Qb2 Qc5 47. Bd5
Qc3 48. Qxc3 Bxc3 49. g4 g5 50. gxh5 gxh4 51. Kf2 f6 52. Kg2 Kh6 53. Bf7 Kg5
54. Kh3 Be1 55. Be8 Bg3 1/2-1/2

[Event "64. Offene Kölner Stadtmeisterschaft"]
[Site "Köln"]
[Date "2024.05.09"]
[Round "2.7"]
[White "Wulfken, Christof"]
[Black "Marcziter, Dmitrii"]
[Result "1/2-1/2"]
[WhiteElo "1905"]
[BlackElo "2221"]
[PlyCount "131"]
[WhiteTeam "Godesberger SK 1929 e. V"]
[BlackTeam "SG Porz e. V."]

1. d4 Nf6 2. Bf4 d5 3. e3 c5 4. c3 Nc6 5. Bd3 Qb6 6. b3 Bg4 7. f3 Bh5 8. Na3 a6
9. Nc2 e6 10. Ne2 Be7 11. O-O Bg6 12. Bxg6 hxg6 13. Qd3 Nh5 14. Bg3 Nxg3 15.
hxg3 Rd8 16. Kf2 Bf6 17. f4 g5 18. Kf3 g6 19. Rh1 Ke7 20. Kg4 gxf4 21. gxf4
Rdg8 22. Kf3 g5 23. g3 Na5 24. Qd2 Nc6 25. Kg2 gxf4 26. exf4 cxd4 27. Ncxd4
Nxd4 28. cxd4 Rxh1 29. Rxh1 Rc8 30. Rc1 Rc6 31. Rxc6 Qxc6 32. Kf3 Kd7 33. Ke3
Be7 34. Qc3 Qb6 35. Qc2 Qa5 36. a4 Qe1 37. Qc1 Qb4 38. Qc3 Qa3 39. Qc2 Qa1 40.
Qc1 Qa2 41. Qc3 Qb1 42. Qd3 Qh1 43. Qd2 f6 44. Qa5 Qe4+ 45. Kf2 Qc2 46. Qb6 Qc6
47. Qxc6+ Kxc6 48. Nc1 b5 49. axb5+ Kxb5 50. Nd3 f5 51. Ke3 Bb4 52. Ke2 a5 53.
Ke3 Bc3 54. Nc5 Kb4 55. Kd3 Be1 56. Kc2 Bxg3 57. Nxe6 Kb5 58. Ng7 Bxf4 59. Nxf5
Bg5 60. Kc3 Bf6 61. Nd6+ Kc6 62. Nf5 Kd7 63. Ne3 Ke6 64. b4 axb4+ 65. Kxb4 Bxd4
66. Nxd5 1/2-1/2

[Event "64. Offene Kölner Stadtmeisterschaft"]
[Site "Köln"]
[Date "2024.05.09"]
[Round "2.8"]
[White "Keller, Thomas"]
[Black "Devenney, Martin"]
[Result "1-0"]
[WhiteElo "2218"]
[BlackElo "1898"]
[PlyCount "77"]
[WhiteTeam "Brühler SK 1920 e. V."]
[BlackTeam "Cercle d'Èchecs Le Pantin (BEL)"]

1. e4 g6 2. d4 Bg7 3. Be3 d6 4. Qd2 c5 5. c3 Nf6 6. f3 O-O 7. dxc5 d5 8. e5 Ne8
9. f4 Nc6 10. Nf3 f6 11. exf6 Nxf6 12. Bd3 e5 13. fxe5 Ng4 14. O-O Ncxe5 15.
Na3 Nxd3 16. Qxd3 Bf5 17. Qd2 Nxe3 18. Qxe3 Qd7 19. Nd4 Rae8 20. Qd2 Be4 21.
Nab5 Be5 22. Nd6 Bxd6 23. cxd6 Qxd6 24. g3 Qd7 25. Rxf8+ Rxf8 26. Rf1 Rxf1+ 27.
Kxf1 Qh3+ 28. Ke1 Qg4 29. Qf4 Qxf4 30. gxf4 Kf7 31. Kd2 Kf6 32. Ke3 g5 33.
fxg5+ Kxg5 34. Nb5 Kg4 35. Nd6 Kh3 36. c4 b6 37. Nxe4 dxe4 38. b4 Kxh2 39. c5
1-0

[Event "64. Offene Kölner Stadtmeisterschaft"]
[Site "Köln"]
[Date "2024.05.09"]
[Round "2.9"]
[White "Kramer, Wolfgang"]
[Black "Stewart, Neil"]
[Result "1-0"]
[WhiteElo "1871"]
[BlackElo "2194"]
[PlyCount "149"]
[WhiteTeam "SV Herrenberg e.V."]
[BlackTeam "SV 03/25 Koblenz"]

1. e4 c6 2. Nc3 d5 3. Qf3 dxe4 4. Nxe4 Nd7 5. Qg3 Ndf6 6. d3 Bf5 7. f3 Qb6 8.
Qf2 Qxf2+ 9. Kxf2 e5 10. Bd2 O-O-O 11. Bc3 Nd7 12. Ne2 f6 13. g3 Nh6 14. Bg2
Nc5 15. a4 Nxe4+ 16. dxe4 Bc5+ 17. Ke1 Be6 18. Nc1 Bd4 19. Bxd4 Rxd4 20. Ne2
Rd6 21. Rd1 Rhd8 22. Rxd6 Rxd6 23. Nc3 Kc7 24. Ke2 a5 25. Rd1 Nf7 26. b3 Bd7
27. Bf1 Ng5 28. Rxd6 Kxd6 29. Nb1 b5 30. axb5 cxb5 31. Ke3 a4 32. b4 Ne6 33. c3
Nc7 34. h4 Kc6 35. Na3 Kb6 36. Kd3 Ne8 37. Ke3 Nd6 38. Be2 Be6 39. Kd2 Bd7 40.
Bd3 Be8 41. Ke3 Bf7 42. Kd2 Kc6 43. Ke3 Be6 44. Kd2 f5 45. Ke3 g6 46. f4 exf4+
47. gxf4 fxe4 48. Bxe4+ Bd5 49. Bd3 Bc4 50. Be4+ Kd7 51. Kd4 Nxe4 52. Kxe4 Ke6
53. Kd4 Bf1 54. Ke4 h6 55. Kf3 Kd5 56. Ke3 Bh3 57. Nxb5 Kc4 58. Nd4 Kxc3 59. b5
a3 60. b6 a2 61. Ne2+ Kc4 62. b7 a1=Q 63. b8=Q Qa3+ 64. Kd2 Qa5+ 65. Ke3 Qc5+
66. Kd2 Qd5+ 67. Ke1 Kd3 68. Qb1+ Ke3 69. Qc1+ Kf3 70. Qc3+ Ke4 71. Qxh3 Qa5+
72. Kf2 Qc5+ 73. Kg2 Qe3 74. Qxe3+ Kxe3 75. h5 1-0

[Event "64. Offene Kölner Stadtmeisterschaft"]
[Site "Köln"]
[Date "2024.05.09"]
[Round "2.10"]
[White "Reinhardt, Klaus"]
[Black "Nemegeer, Arne"]
[Result "0-1"]
[WhiteElo "1866"]
[BlackElo "2179"]
[PlyCount "70"]
[BlackTeam "Koninklijke Brugse Schaakkring"]

1. Nf3 Nf6 2. c4 e6 3. g3 d5 4. Bg2 dxc4 5. Qa4+ c6 6. Qxc4 b5 7. Qc2 Bb7 8. d4
Nbd7 9. O-O c5 10. Rd1 Qb6 11. e3 Rc8 12. Qe2 c4 13. a4 b4 14. a5 Qc7 15. Bd2
Ne4 16. Rc1 Bd5 17. Qe1 Qb8 18. Ra4 Qb5 19. Qd1 Be7 20. Ra1 O-O 21. Bf1 Qb7 22.
Ne1 f5 23. Ng2 Rc6 24. Nf4 Rfc8 25. Qa4 Ndf6 26. f3 Nxd2 27. Nxd2 c3 28. Nxd5
Nxd5 29. bxc3 Nxe3 30. cxb4 Nxf1 31. Nxf1 Rxc1 32. Rxc1 Rxc1 33. Qe8+ Bf8 34.
Qxe6+ Qf7 35. Qe3 Qc4 0-1

[Event "64. Offene Kölner Stadtmeisterschaft"]
[Site "Köln"]
[Date "2024.05.09"]
[Round "3.1"]
[White "Koehler, Ronald"]
[Black "Coenen, Michael"]
[Result "0-1"]
[WhiteElo "2075"]
[BlackElo "2368"]
[PlyCount "224"]
[WhiteTeam "Wiesbadener SV 1885"]
[BlackTeam "SV Dormagen 1947"]

1. d4 Nf6 2. c4 e6 3. Nf3 d5 4. Nc3 Bb4 5. cxd5 exd5 6. Bg5 h6 7. Bh4 g5 8. Bg3
Ne4 9. Nd2 Nxc3 10. bxc3 Bxc3 11. Rc1 Ba5 12. e3 c6 13. Bd3 Be6 14. Qb3 Qe7 15.
Bxb8 Rxb8 16. Rxc6 O-O 17. Rc2 Rfc8 18. O-O Rxc2 19. Bxc2 Qb4 20. Rd1 Qxb3 21.
Nxb3 Bb4 22. Bd3 b6 23. Rc1 a5 24. Rc2 Kf8 25. Kf1 Ke7 26. Bb5 g4 27. Ke2 Bd6
28. g3 Bf5 29. Bd3 Bd7 30. e4 dxe4 31. Bxe4 Bb4 32. Nc1 Kd6 33. Nd3 Re8 34. Ne5
Bb5+ 35. Ke3 Re7 36. Kf4 h5 37. Bc6 f6 38. Nf7+ Rxf7 39. Bxb5 Rg7 40. a4 Kd5
41. Ke3 Re7+ 42. Kd3 Re1 43. Bc4+ Kd6 44. Bb5 Rh1 45. Ke4 Rxh2 46. Rc6+ Ke7 47.
Rc7+ Kd8 48. Rc2 h4 49. Re2 h3 50. Kf5 Rg2 51. Kxg4 h2 52. Re8+ Kc7 53. Rh8
Rxf2 54. Rh3 Bd6 55. Rh7+ Kc8 56. Bc6 f5+ 57. Kh3 Rd2 58. Rf7 Rxd4 59. Kxh2 Rd3
60. Rxf5 Rxg3 61. Kh1 Kc7 62. Bb5 Bc5 63. Rf6 Rg7 64. Rh6 Rg4 65. Rf6 Kd8 66.
Rf7 Be7 67. Rh7 Rg5 68. Bc6 Re5 69. Kg2 Kc7 70. Rh6 Rf5 71. Rg6 Bf6 72. Be8 Kd6
73. Rg4 Kc5 74. Bd7 Rd5 75. Bb5 Bd4 76. Kf3 Re5 77. Re4 Rh5 78. Rg4 Rh3+ 79.
Ke2 Rb3 80. Rg5+ Kb4 81. Rg4 Kc5 82. Rg8 Kd6 83. Bc4 Rb2+ 84. Kd3 Bc5 85. Rg6+
Ke5 86. Re6+ Kf5 87. Re2 Rb1 88. Re8 Rc1 89. Bb5 Kf6 90. Re2 Bb4 91. Re4 Rc3+
92. Kd4 Rc5 93. Bc4 Rf5 94. Kd3 Rf2 95. Re2 Rf1 96. Kc2 Rf3 97. Bd3 Bd6 98. Re1
Rh3 99. Bc4 Bb4 100. Re4 Rc3+ 101. Kb2 Kf5 102. Rh4 Rg3 103. Bb5 Be7 104. Rh2
Bf6+ 105. Ka2 Ke4 106. Rd2 Bd4 107. Rc2 Rg1 108. Re2+ Kd5 109. Be8 Kc4 110.
Bf7+ Kb4 111. Rb2+ Bxb2 112. Kxb2 Rg2+ 0-1

[Event "64. Offene Kölner Stadtmeisterschaft"]
[Site "Köln"]
[Date "2024.05.09"]
[Round "3.2"]
[White "Stillger, Bernhard"]
[Black "Tarasenko, Nazar"]
[Result "1/2-1/2"]
[WhiteElo "2262"]
[BlackElo "2067"]
[PlyCount "32"]
[WhiteTeam "SV Mülheim-Nord 1931 e"]
[BlackTeam "SV Kaponier Vechta"]

1. Nf3 Nf6 2. g3 g6 3. Bg2 Bg7 4. O-O O-O 5. d4 d5 6. c4 c6 7. cxd5 cxd5 8. Nc3
Nc6 9. Ne5 Nxe5 10. dxe5 Ng4 11. Nxd5 Nxe5 12. Bg5 Nc6 13. Nxe7+ Nxe7 14. Qxd8
Rxd8 15. Bxe7 Re8 16. Ba3 Rxe2 1/2-1/2

[Event "64. Offene Kölner Stadtmeisterschaft"]
[Site "Köln"]
[Date "2024.05.09"]
[Round "3.3"]
[White "Vlasov, Igor"]
[Black "Wiekert, Martin"]
[Result "1-0"]
[WhiteElo "2048"]
[BlackElo "2240"]
[PlyCount "85"]
[WhiteTeam "Brühler SK 1920 e. V."]
[BlackTeam "Kölner SK Dr. Lasker 186"]

1. d4 d5 2. Nf3 Nf6 3. c4 e6 4. g3 Be7 5. Bg2 O-O 6. O-O dxc4 7. Qc2 c6 8. Qxc4
b5 9. Qc2 Bb7 10. Nbd2 Nbd7 11. Nb3 Qb6 12. Bg5 h6 13. Bxf6 Bxf6 14. Nc5 Nxc5
15. dxc5 Qa5 16. Nd2 Rfd8 17. Ne4 Be7 18. a3 Qc7 19. Rfd1 Rd5 20. b4 Rad8 21.
Nc3 R5d7 22. Rxd7 Rxd7 23. Rd1 Bc8 24. Qe4 Bf6 25. Rd3 a5 26. Nd1 axb4 27. axb4
Rxd3 28. Qxd3 Bd7 29. Ne3 Be8 30. Ng4 Be7 31. Qa3 Qd8 32. h4 Qd1+ 33. Bf1 Qa4
34. Qb2 h5 35. Ne5 Bf6 36. Qd4 Bxe5 37. Qxe5 Bd7 38. Qb8+ Kh7 39. Qd6 Qxb4 40.
Qxd7 Qxc5 41. Qxf7 Qe5 42. Bh3 Qxe2 43. Qxe6 1-0

[Event "64. Offene Kölner Stadtmeisterschaft"]
[Site "Köln"]
[Date "2024.05.09"]
[Round "3.4"]
[White "Helmer, Jan"]
[Black "Surányi, Pál"]
[Result "1/2-1/2"]
[WhiteElo "2236"]
[BlackElo "2026"]
[PlyCount "48"]
[WhiteTeam "Hamelner SV"]
[BlackTeam "SV 03/25 Koblenz"]

1. d4 d5 2. c4 e6 3. Nf3 a6 4. Nbd2 dxc4 5. Nxc4 b5 6. Nce5 Nf6 7. e3 c5 8. Bd3
cxd4 9. exd4 Bb4+ 10. Bd2 Bxd2+ 11. Qxd2 O-O 12. O-O Bb7 13. Qf4 Nc6 14. Rad1
Ne7 15. Rfe1 Ng6 16. Nxg6 hxg6 17. Bb1 Bxf3 18. Qxf3 Qd5 19. Qxd5 Nxd5 20. Rc1
Rac8 21. Rc5 Ne7 22. Be4 Rcd8 23. a4 bxa4 24. Rc4 Rb8 1/2-1/2